00780cam a22002654a 45000010005000000030009000050050017000140080041000310100017000720200015000890200015001040400028001190420008001470500013001550820018001682450067001862500012002532600057002653000047003224900025003695040051003946500027004456500018004727000024004904870BD-DhUAP20201124154456.0201124s2001 nyua b 001 0 eng  a 2004561121 a0838505988 a0071179682 aDLCcDLCdBD-DhUAPbeng apcc00aRM301.28 223a615.1 BAS00aBasic & clinical pharmacology /cedited by Bertram G. Katzung. a8th ed. aNew York :bLange Medical Books/McGraw Hill,cc2001. axii, 1217 pages :billustrations ;c26 cm. aa LANGE medical book aIncludes bibliographical references and index. 0aClinical pharmacology. 0aPharmacology.1 aKatzung, Bertram G.